000 00377nam a2200145Ia 4500
008 230917s9999||||xx |||||||||||||| ||und||
040 _e124283
_aMAIN
041 _aEnglish
082 _a388.09 T687T
100 _aKnowles, Richard
245 0 _aTransport geographies; mobilities, flows and spaces
260 _aOxford
_bBlackwell
_c2008
300 _a293p. p.
942 _cBK
999 _c144535
_d144535